Soccer Trophy Quiz - Statistics

General Stats
  • This quiz has been taken 108 times
  • The average score is 8 of 16
Answer Stats
Picture Answer % Correct
Champions League
98%
World Cup
98%
Premier League
94%
FA Cup
88%
European Championship
85%
Bundesliga
80%
Ligue 1
70%
Copa Del Rey
51%
La Liga
44%
Serie A
38%
Dfb Pokal
36%
MLS
22%
Africa Cup of Nations
21%
Women's Champions League
10%
Concacaf Gold Cup
7%
Primeira Liga
3%
No matching quizzes found
Score Distribution
Percent of People with Each Score
Percentile by Number Answered
Your Score History
You have not taken this quiz